Normal view
MARC view
- Nationalism
Entry Topical Term
001 - CONTROL NUMBER
- control field: 4632
003 - CONTROL NUMBER IDENTIFIER
- control field: NUST
005 - DATE AND TIME OF LATEST TRANSACTION
- control field: 20170918152055.0
008 - FIXED-LENGTH DATA ELEMENTS
- fixed length control field: 170918|| aca||aabn | a|a d
040 ## - CATALOGING SOURCE
- Original cataloging agency: NUST
- Transcribing agency: NUST
150 ## - HEADING--TOPICAL TERM
- Topical term or geographic name entry element: Nationalism
- Geographic subdivision: Baluchistan.
670 ## - SOURCE DATA FOUND
- Source citation: Work cat.: (NUST)0: Harrison, Selig S. 4630, In Afghanistan's shadow :, 1981.
